| 000 | 01019nam a2200313 i 4500 | ||
|---|---|---|---|
| 003 | EG-GICUC | ||
| 005 | 20260324153441.0 | ||
| 008 | 260302s1899 ua |||fr|||| 00| 0 fre d | ||
| 040 |
_aEG-GiCUC _bfre _cEG-GiCUC _dEG-GiCUC _eRda |
||
| 041 | 0 | _afre | |
| 082 | 0 | 4 |
_221 _a343.3844062 _bHU . P |
| 092 | 0 | 4 | _221 |
| 099 | _aLaw1 10 343.3844062 HU . P 1899 | ||
| 100 | 1 |
_aHults, E. De _eAuteur |
|
| 245 | 1 | 3 |
_aDu Pourvoi en Cassation Et De La Révision en Droit Pénal Égyptien / _cPar E. De Hults. |
| 264 | 1 |
_aLe Caire : _bLabrairie Internationale F. Diemen, _c1899. |
|
| 300 |
_a340 page; _c 24 cm. |
||
| 336 |
_2rda contenu _a texte |
||
| 337 |
_2rda medias _aOrdinateur |
||
| 338 |
_2 transporteur rda _a Ressource en ligne |
||
| 504 | _aBibliography: pages 322 - 323. | ||
| 546 | _aTexte en français | ||
| 650 | 1 |
_aréfutation _2qrmak |
|
| 650 | 1 |
_aDroit pénal _2qrmak |
|
| 651 | 1 | _2qrmak | |
| 856 | 4 | 0 | _uhttps://fll.law.cu.edu.eg/fulltext/bks/B10-08226.pdf |
| 905 |
_a54 _eYara |
||
| 942 |
_2ddc _cBK _e21 _n0 |
||
| 999 |
_c64588 _d64588 |
||